| 000 | 00482nam a2200181Ia 4500 | ||
|---|---|---|---|
| 008 | 131103s9999 xx 000 0 und d | ||
| 040 | _aLoreto College | ||
| 041 | _aEnglish | ||
| 082 |
_aMIS/MIT _bLCBED/8750 |
||
| 100 | _aMittal, S. R. | ||
| 245 |
_aOrganizing a village library _cS.R. Mittal |
||
| 260 |
_aNew Delhi _bNCERT _c1964 |
||
| 300 |
_a28p. _c 22cm. |
||
| 440 | _aSocial education guide book series; No.1 | ||
| 650 | _aMis | ||
| 850 | _aLCBED/MIS/MIT | ||
| 942 | _cBK | ||
| 999 |
_c34297 _d84776 |
||